Κατάλογος Βιβλιοθηκών Mediterranean College

Στρατηγική Διοίκηση Επωνύμου Προϊόντος. (Record no. 5071)

MARC details
000 -LEADER
fixed length control field 01103cam a22001934a 4500
005 - ΗΜΕΡΟΜΗΝΙΑ ΚΑΙ ΩΡΑ ΤΕΛΕΥΤΑΙΑΣ ΕΝΗΜΕΡΩΣΗΣ
Πεδίο ελέγχου 20250605164203.0
008 - FIXED-LENGTH DATA ELEMENTS--GENERAL INFORMATION
Πεδίο ελέγχου σταθερού μήκους 250528s ||||||||||||||||||||||||d
035 ## - SYSTEM CONTROL NUMBER
System control number 19824
020 ## - ISBN
ISBN 9603511005
040 ## - ΠΗΓΗ ΚΑΤΑΛΟΓΟΓΡΑΦΗΣΗΣ
Φορέας πρωτότυπης καταλογογράφησης MC Athens Campus Library
Γλώσσα καταλογογράφησης Ελληνικά, Μοντέρνα (1453-)
Modifying agency MC Athens Campus Library
Κανόνες περιγραφικής καταλογογράφησης AACR2
245 1# - ΤΙΤΛΟΣ ΚΑΙ ΔΗΛΩΣΗ ΥΠΕΥΘΥΝΟΤΗΤΑΣ
Τίτλος Στρατηγική Διοίκηση Επωνύμου Προϊόντος.
Number of part/section of a work Τόμος Ά
260 ## - PUBLICATION, DISTRIBUTION, ETC.
Name of publisher, distributor, etc. Σταμούλης,
Date of publication, distribution, etc. 1996
300 ## - PHYSICAL DESCRIPTION
Extent 632
520 ## - SUMMARY, ETC.
Summary, etc. Η Στρατηγική Διοίκησης Προϊόντος, Οι Διάφορες Οργανωτικές Δομές και η Στρατηγική Διοίκηση Προϊόντος, Οργανόγραμμα Επιχειρήσεων, Η Θέση της Διοίκησης Προϊόντος και η Προέλευση της, Ο Διοικητής του Προϊόντος στην Πράξη, Χαρακτηριστικά και Σταδιοδρομία και Υποκίνηση και Έλεγχος του Διοικητή Προϊόντος.
700 1# - ΠΡΟΣΘΕΤΗ ΑΝΑΓΡΑΦΗ--ΦΥΣΙΚΟ ΠΡΟΣΩΠΟ
Personal name Πανηγυράκης Γεώργιος Γ
9 (RLIN) 1742
942 ## - ADDED ENTRY ELEMENTS (KOHA)
Koha item type Books
Holdings
Τύπος τεκμηρίου Βιβλιοθήκη Τρέχουσα τοποθεσία Barcode Αριθμός εισαγωγής Ημερομηνία απόκτησης Ταξιθετικό σύμβολο Αριθμός αντιτύπου Κατάσταση απόσυρσης Κατάσταση χαμένου Κατάσταση κατεστραμμένου Μη δανεισμός Σύνολο δανεισμών Ημερομηνία τελευταίας εμφάνισης Η τιμή ισχύει από
Books MC Athens Campus Library MC Athens Campus Library 9780000050700 5922 05/06/2025 658.5 PAN V.A 1           05/06/2025 05/06/2025

MC Athens Campus Library
Πατησίων 94 & Κοδριγκτώνος 13, 104 34
Πελλήνης 8 & Πατησίων 107, 112 51
Τ: +30 210 8899600

MC Thessaloniki Campus Library
Ίωνος Δραγούμη 21, 54625 | Ίωνος Δραγούμη 15, 54625
Τ: +30 2310 287779 – Τ: +30 2314 440300